000 00349nam a2200145Ia 4500
005 20251222141828.0
008 251222s9999||||xx |||||||||||||| ||spa||
020 _a978-0-13-604259-4
082 _a006.3/R96
100 _aRussell, Stuart J.
245 0 _aArtificial intelligence:
250 _a3a.ed.
264 _bPearson Educación
942 _cLIB
999 _c7011
_d7011